| 000 | 00442nam a2200157 i 4500 | ||
|---|---|---|---|
| 001 | 80952 | ||
| 003 | ES-MaACL | ||
| 005 | 20230906174333.0 | ||
| 007 | t| | ||
| 008 | 041102s1908 xxk ||||1| eng d | ||
| 100 | 1 |
_aHowell, Frederic C. _964403 |
|
| 245 | 1 | 4 |
_aThe British city _b: the beginnings of democracy / _cFrederic C. Howe. |
| 260 |
_aLondon : _bFisher Unwin, _c1908. |
||
| 300 |
_aXVI, 370 p. ; _c25 cm. |
||
| 852 |
_aES-MaACL _jF-3585 |
||
| 999 |
_c80952 _d80952 |
||